01246nam a2200313 i 4500001001000000003000900010005001700019007000300036008004100039020001800080040003000098082002000128100005300148245014900201264003800350300002800388336002700416337003300443338002800476490003300504490002500537500007100562504003900633650002600672650007300698651005700771700004900828830005500877000038173DO-SdBNP20251204073702.0ta130320s2009 dr 000 0 spa d a9789945140453 aDO-SdBNPbspacBNPHUerda 4a340.3bO77d2221 aNuñez Polanco, Diómedes,d1952-eautor4aut.10aDiccionario jurídico 9-11 :btraducción popular del lenguaje de la justicia /cFrancisco Ortega Polanco, prólogo, Manuel Bergés Chupani  1aSanto Domingo :bCorripio,c2009. a643 páginas ;c27 cm. atextobtxt2rdacontent asin mediaciónbn2rdamedia avolumenbnc2rdacarrier1 aOrtega Polanco jurídicav31 aAbogado d´ bolsillo aIncluye referencias bibliográficas y notas al pie de las paginas aBibliografía : páginas 637-643 4aDerechovDiccionarios 0aAdministración de justicia zRepública DominicanavDiccionarios 4aRepública DominicanaxLegislaciónvDiccionarios 1 a Bergés Chupani, Manuel,eprologuista4pr. 0aOrtega Polanco jurídican3pAbogado d´ bolsillo